1640 1163 1591 1222 1626 1568 1585 1094 1544 1047 1530 1760 1342 1057 1915 1102 1773 1545 1343 1325 1808 1356 1507 1037 1287 1836 1261 1319 1760 1075 1030 1229 1443 1166 1541 1755 1386 1743 1562 1945 1865 1667 1376 1728 1363 1810 1981 1197 1814 1210 1857 1704 1076 1135 1226 1488 1860 1216 1140 1371 1748 1898 1220 1152 1459 1389 1328 1557 1541 1043 1772 1858 1686 1867 1018 1330 1419 1496 1322 1674 1011 1095 1157 1744 1345 1465 1319 1748 1397 1832 1853 1183 1389 1912 1327 1492 1649 1677 1240 BCNSPRNW ULIB Ver.6.0+V

เปลี่ยนเป็นภาษาไทย

Change to English
 แสดงรายละเอียดบรรณานุกรม
  กลับหน้าหลัก

Brief Record : Get Marc (ISO 2709) : E-mail record : QR code < ปิดหน้าต่าง
LEADER : 00000nam 2200000uu 4500
001    13399108075
003     ULIB
008    110216s2553||||th 000 0 tha d
020    9789749781456
060  4 WA525^bว169ก 2553
110 1  มหาวิทยาลัยหัวเฉียว^bคณะพยาบาลศาสตร์
245 10 การสร้างเสริมสุขภาพ:แนวคิดหลักการและการประยุกต์ใช้ในการปฏิบัติการพยาบาล=^bHealth promotion:Concepts principles,andapplications in nursing practice/^cวนิดา ดุรงค์ฤทธิชัย
246 31 Health promotion:Concepts principles,andapplications in nursing practice
250    พิมพ์ครั้งที่ 2
260    สมุทรปราการ:^bโครงการสำนักพิมพ์มหาวิทยาลัยหัวเฉียวเฉลิมพระเกียรติ,^c2553
300    342 หน้า
650  7 กลยุทธ์การสร้างเสริมสุขภาพ
650  7 กลยุทธ์การสอนทางสุขภาพ
650  7 การสร้างเสริมสุขภาพ
650  7 แนวคิดการสร้างเสริมสุขภาพ
700 0  วนิดา ดุรงค์ฤทธิชัย
700 0  จริยาวัตร คมพยัคฆ์
700 0  ภัทรา เล็กวิจิตรธาดา
700 0  อัจฉรา จินายน
700 0  กันยา สุวรรณคีรีขันธ์
945    ^p320^l0^i028587
945    ^p320^l0^i028586
945    ^p320^l0^i028585
945    ^p320^l0^i028584
945    ^p320^l0^i028582
945    ^p320^l0^i028580
945    ^p320^l0^i028579
945    ^p320^l0^i028583
945    ^p320^l0^i028581
945    ^p320^l0^i028578
995    ทศพร
999 ^a ใช้งานได้ทุกระบบ
รายการนี้ยังไม่มีแท็ก
คุณยังไม่ได้ล็อกอิน คุณสามารถมีกิจกรรมร่วมกับเว็บไซต์ได้ แต่ต้องล็อกอินก่อน ::
  ล็อกอิน

รายการสื่อสารสนเทศ

ลำดับที่ ประเภท เลขเรียก/บาร์โค้ด สถานที่ สถานะ
1. วิทยาศาสตร์การแพทย์ และสุขภาพ
หนังสือสำรอง
สถานะ=หนังสือสำรอง
WA525 ว169ก 2553 ฉ.1 
  Barcode: 028578
ห้องสมุดวิทยาเขตสวรรค์ประชารักษ์
►ส่วนจัดเก็บหนังสือเก่า สปร
บนชั้น
  ขอยืม
2. วิทยาศาสตร์การแพทย์ และสุขภาพ
วิทยาศาสตร์การแพทย์ และสุขภาพ
WA525 ว169ก 2553 ฉ.10 
  Barcode: 028587
ห้องสมุดวิทยาเขตสวรรค์ประชารักษ์
►ส่วนจัดเก็บหนังสือเก่า สปร
บนชั้น
  ขอยืม
3. วิทยาศาสตร์การแพทย์ และสุขภาพ
วิทยาศาสตร์การแพทย์ และสุขภาพ
WA525 ว169ก 2553 ฉ.2 
  Barcode: 028579
ห้องสมุดวิทยาเขตสวรรค์ประชารักษ์
►ส่วนจัดเก็บหนังสือเก่า สปร
บนชั้น
  ขอยืม
4. วิทยาศาสตร์การแพทย์ และสุขภาพ
วิทยาศาสตร์การแพทย์ และสุขภาพ
WA525 ว169ก 2553 ฉ.3 
  Barcode: 028580
ห้องสมุดวิทยาเขตสวรรค์ประชารักษ์
►ส่วนจัดเก็บหนังสือเก่า สปร
บนชั้น
  ขอยืม
5. วิทยาศาสตร์การแพทย์ และสุขภาพ
วิทยาศาสตร์การแพทย์ และสุขภาพ
WA525 ว169ก 2553 ฉ.4 
  Barcode: 028581
ห้องสมุดวิทยาเขตสวรรค์ประชารักษ์
►ส่วนจัดเก็บหนังสือเก่า สปร
บนชั้น
  ขอยืม
6. วิทยาศาสตร์การแพทย์ และสุขภาพ
วิทยาศาสตร์การแพทย์ และสุขภาพ
WA525 ว169ก 2553 ฉ.5 
  Barcode: 028582
ห้องสมุดวิทยาเขตสวรรค์ประชารักษ์
►ส่วนจัดเก็บหนังสือเก่า สปร
บนชั้น
  ขอยืม
7. วิทยาศาสตร์การแพทย์ และสุขภาพ
วิทยาศาสตร์การแพทย์ และสุขภาพ
WA525 ว169ก 2553 ฉ.6 
  Barcode: 028583
ห้องสมุดวิทยาเขตสวรรค์ประชารักษ์
►ส่วนจัดเก็บหนังสือเก่า สปร
บนชั้น
  ขอยืม
8. วิทยาศาสตร์การแพทย์ และสุขภาพ
วิทยาศาสตร์การแพทย์ และสุขภาพ
WA525 ว169ก 2553 ฉ.7 
  Barcode: 028584
ห้องสมุดวิทยาเขตสวรรค์ประชารักษ์
►ส่วนจัดเก็บหนังสือเก่า สปร
บนชั้น
  ขอยืม
9. วิทยาศาสตร์การแพทย์ และสุขภาพ
วิทยาศาสตร์การแพทย์ และสุขภาพ
WA525 ว169ก 2553 ฉ.8 
  Barcode: 028585
ห้องสมุดวิทยาเขตสวรรค์ประชารักษ์
►ส่วนจัดเก็บหนังสือเก่า สปร
บนชั้น
  ขอยืม
10. วิทยาศาสตร์การแพทย์ และสุขภาพ
วิทยาศาสตร์การแพทย์ และสุขภาพ
WA525 ว169ก 2553 ฉ.9 
  Barcode: 028586
ห้องสมุดวิทยาเขตสวรรค์ประชารักษ์
►ส่วนจัดเก็บหนังสือเก่า สปร
บนชั้น
  ขอยืม

รายการใกล้เคียง
    หัวเรื่อง [การสร้างเสริมสุขภาพ]

BibComment


ยังไม่เคยถูกคอมเมนท์

คอมเมนท์ทรัพยากรรายการนี้
  คอมเมนท์: การสร้างเสริมสุขภ..


 Copyright 2026. Bcnsprnw @Library